|
|
|
|
| LEADER |
00716nta a2200193 i 4500 |
| 001 |
dipl108720 |
| 005 |
20210309151130.0 |
| 008 |
210309s2020 hu om 0|| zxx d |
| 040 |
|
|
|a SZTE Diploma Repozitórium
|b hun
|
| 041 |
|
|
|a zxx
|
| 100 |
1 |
|
|a Illés Ingrid
|
| 245 |
1 |
2 |
|a A nóniusz fajta múltja, jelene és jövője
|h [elektronikus dokumentum] /
|c Ingrid Illés
|
| 246 |
1 |
0 |
|a The past, present and future of Nonius
|h [elektronikus dokumentum]
|
| 260 |
|
|
|c 2020
|
| 650 |
|
4 |
|a Mérnöki tudományok
|
| 650 |
|
4 |
|a Engineering and technology
|
| 650 |
|
4 |
|a Other engineering and technologies
|
| 700 |
1 |
|
|a Bencsik Dóra
|e ths
|
| 856 |
4 |
0 |
|u http://diploma.bibl.u-szeged.hu/id/eprint/108720/1/2020_illes_ingrid.pdf
|z Dokumentum-elérés
|